000 01325nam a2200301Ia 4500
001 A4806
003 IT-RoPAU
008 130308s9999 xx 000 0 und d
040 _aIT-RoPAU
040 _cIT-RoPAU
041 _aSPAGNOLO
100 _aGubern Roman
100 _gCodice Aut. SPICS: 5725
245 _aCine sonoro en la II Republica (1929-1936) (El)
245 _bCine Sonoro En la Ii Republica (1929-1936) (El)
250 _a1a ed.
260 _aBARCELONA
260 _bLumen
260 _c1977 [1° Ed.:1977 - Ed.Ling.Originale:1977]
300 _a"248 p. (prefazione: no ; testo: 248 [pagine: 0-0])"
500 _aCinema Sonoro nella Ii Repubblica (1929/1936). Pionieri del Cinema Paleosonoro Spagnolo. produzioni Spagnole in Studi Esteri. impero Hollywoodiano. congresso spagnolo Americano di Cinematografia. Creazione delle infrastrutture del Cinema Sonoro Spagnolo. Cinematografie Periferiche e Il Caso Cifesa.Esperienza del Filmofono. Analisi della Produzione. Registi. immigrazione Straniera. Cinema Documentario. Critica Stapma e Letteratura Cinematografica. Cineclubs Durante la Ii Repubblica. Cinema Amatoriale. Cinema Repubblicano.
650 _aSTORIA NAZIONALE DEL CINEMA
650 _eCodice materia Spics: 6809
942 _cBK
957 _71
999 _c72140
_d72140
999 _bSI
999 _g1